书目信息 |
| 题名: |
女孩,我为你而来
|
|
| 作者: | 酋长有德 著 | |
| 分册: | ||
| 出版信息: | 汕头 汕头大学出版社 2005.08 |
|
| 页数: | 235页, [6] 页图版 | |
| 开本: | 21cm | |
| 丛书名: | 校园青春攻略 | |
| 单 册: | ||
| 中图分类: | I247.57 | |
| 科图分类: | ||
| 主题词: | 长篇小说--chang pian xiao shuo--中国--现代 , 言情小说--yan qing xiao shuo--中国--现代 | |
| 电子资源: | ||
| ISBN: | 7-81036-977-6 | |
| 000 | 01010nam 2200253 450 | |
| 001 | 012007253370 | |
| 005 | 20071010160904.00 | |
| 010 | @a7-81036-977-6@dCNY19.80 | |
| 100 | @a20070816d2005 km y0chiy0120 ea | |
| 101 | 0 | @achi |
| 102 | @aCN@b440000 | |
| 105 | @aaf z 000ay | |
| 200 | 1 | @a女孩,我为你而来@Anu hai,wo wei ni er lai@f酋长有德著@Fqiu chang you de zhu |
| 210 | @a汕头@c汕头大学出版社@d2005.08 | |
| 215 | @a235页, [6] 页图版@c彩图@d21cm | |
| 225 | 2 | @a校园青春攻略@Axiao yuan qing chun gong lue@v01 |
| 330 | @a本书内容为:一次偶然的机会,二(3)班女生仇美菱,被同城附中男生施安淳遇上并浅浅地爱上了,从而引起了一直暗恋着她的同班同学王略志的浅浅醋意。两个羞涩的男孩为了自己喜欢的女孩,暗暗较着劲,青春羞涩的爱情故事由此展开。 | |
| 410 | 0 | @12001 @a校园青春攻略 |
| 606 | 0 | @a长篇小说@Achang pian xiao shuo@y中国@z现代 |
| 606 | 0 | @a言情小说@Ayan qing xiao shuo@y中国@z现代 |
| 690 | @aI247.57@v4 | |
| 701 | 0 | @a酋长有德@Aqiu chang you de@4著 |
| 801 | 0 | @aCN@c20071010 |
| 905 | @dI247.57@eQ775 | |
| 女孩,我为你而来/酋长有德著.-汕头:汕头大学出版社,2005.08 |
| 235页, [6] 页图版:彩图;21cm.-(校园青春攻略;01) |
| ISBN 7-81036-977-6:CNY19.80 |
| 本书内容为:一次偶然的机会,二(3)班女生仇美菱,被同城附中男生施安淳遇上并浅浅地爱上了,从而引起了一直暗恋着她的同班同学王略志的浅浅醋意。两个羞涩的男孩为了自己喜欢的女孩,暗暗较着劲,青春羞涩的爱情故事由此展开。 |
| ● |
| 相关链接 |
|
|
|
正题名:女孩,我为你而来
索取号:I247.57/Q775
 
预约/预借
| 序号 | 登录号 | 条形码 | 馆藏地/架位号 | 状态 | 备注 |
| 1 | 253269 | 202532697 | 文学库108/108文学库 51排6列2层/ [索取号:I247.57/Q775] | 在馆 | |
| 2 | 253270 | 202532704 | 文学库108/108文学库 51排6列2层/ [索取号:I247.57/Q775] | 在馆 | |
| 3 | 253271 | 202532713 | 文学库108/108文学库 51排6列2层/ [索取号:I247.57/Q775] | 在馆 |